2008-09 Premier League Final Table - Statistics

General Stats
  • This quiz has been taken 20 times
  • The average score is 15 of 20
Answer Stats
Position Team Won Drew Lost GF/GA GD Points % Correct
4 Arsenal 20 12 6 68/37 31 72
100%
3 Chelsea 25 8 5 68/24 44 83
100%
2 Liverpool 25 11 2 77/27 50 86
100%
1 Manchester United 28 6 4 68/24 44 90
100%
5 Everton 17 12 9 55/37 18 63
94%
8 Tottenham Hotspur 14 9 15 45/45 0 51
82%
6 Aston Villa 17 11 10 54/48 6 62
76%
9 West Ham United 14 9 15 42/45 -3 51
76%
7 Fulham 14 11 13 39/34 5 53
71%
18 Newcastle United 7 13 18 40/59 -19 34
71%
13 Bolton Wanderers 11 8 19 41/53 -12 41
65%
10 Manchester City 15 5 18 58/50 8 50
65%
12 Stoke City 12 9 17 38/55 -17 45
65%
20 West Bromwich Albion 8 8 22 36/67 -31 32
65%
15 Blackburn Rovers 10 11 17 40/60 -20 41
59%
19 Middlesbrough 7 11 20 28/57 -29 32
59%
11 Wigan Athletic 12 9 17 34/45 -11 45
59%
17 Hull City 8 11 19 39/64 -25 35
53%
14 Portsmouth 10 11 17 38/57 -19 41
53%
16 Sunderland 9 9 20 34/54 -20 36
53%
No matching quizzes found
Score Distribution
Percent of People with Each Score
Percentile by Number Answered
Your Score History
You have not taken this quiz